Estados de EE.UU. por Primera Letra - Estadísticas

Estadísticas generales
  • Esta prueba ha sido intentada 904 veces
  • La puntuación promedio es 31 de 50
Respuestas en el mapa
Las respuestas están codificadas por una escala verde-roja en el mapa de la prueba según el % correcto abajo.
 
Estadísticas de respuestas
Estado % Correcto
Alabama
92%
Alaska
92%
Arizona
92%
Arkansas
92%
California
77%
Carolina del Norte
77%
Carolina del Sur
77%
Colorado
77%
Connecticut
77%
Nebraska
70%
Nevada
70%
Nueva Jersey
70%
Nueva York
70%
Nuevo Hampshire
70%
Nuevo México
70%
Maine
68%
Maryland
68%
Massachusetts
68%
Míchigan
68%
Minnesota
68%
Misisipi
68%
Misuri
68%
Montana
68%
Idaho
64%
Illinois
64%
Indiana
64%
Iowa
64%
Dakota del Norte
62%
Dakota del Sur
62%
Delaware
62%
Ohio
62%
Oklahoma
62%
Oregón
62%
Washington
61%
Wisconsin
61%
Wyoming
61%
Florida
59%
Tennessee
52%
Texas
52%
Luisiana
51%
Hawái
49%
Kansas
44%
Kentucky
44%
Georgia
42%
Pensilvania
38%
Utah
35%
Rhode Island
32%
Vermont
28%
Virginia
28%
Virginia Occidental
28%
No se encontraron pruebas coincidentes
Distribución de puntuación
Porcentaje de gente con cada puntuación
Porcentaje por número respondido
Historial de tus puntuaciones
No has intentado esta prueba.